| 000 | 00716nam a2200229 a 4500 | ||
|---|---|---|---|
| 001 | 69115 | ||
| 003 | BD-RjUL | ||
| 005 | 20211209081842.0 | ||
| 008 | 811106r19461937nyua 001 0 eng | ||
| 035 | _a(BD-RjUL)69326 | ||
| 040 |
_aDLC _cCarP _dDLC _dBD-RjUL _beng |
||
| 041 | _aeng | ||
| 082 |
_223 _a678.2 _bCHE 1946 |
||
| 245 | 1 | 4 |
_aThe chemistry and technology of rubber / _cCarroll Campbell Davis; John Twiss Blake |
| 260 |
_aNew York : _bReinhold publishing corporation, _c1937 [reprinting 1946] |
||
| 300 |
_a941 p. : _b ill. ; _c24 cm. |
||
| 500 | _aIncludes index | ||
| 650 | 0 |
_aRubber. _9204752 |
|
| 700 | 1 |
_aDavis, Carroll C. _9204753 |
|
| 710 | 2 |
_aBlake, John Twiss, _bjoint ed. _9204754 |
|
| 942 |
_2ddc _cBK |
||
| 999 |
_c69115 _d69115 |
||